00444 2200181 4500001002100000008004100021035002000062245002200082100001500104260003600119300002300155020002200178084001400200082000800214650001000222990001500232990001500247INLIS000000000003297 ind  a0010-1225000118 aJengkicTere Liye aLiye, Tere aDepokbPT. Sabak Grip Nusantara a72 hlmc22 x 30 cm a978-623-8882-23-6 a813 TER j a813 aFiksi a19772/B/26 a19773/B/26